00609nam a2200157 i 4500001000300000100002400003245011600027250002200143260005500165490003800220830003800258040000800296041000800304008004100312856009800353bg1 aJAKUBOWSKI, Romuald 0aProjektowanie dokumentacji systemów przetwarzania danych w warunkach ich automatyzacji /cRomuald Jakubowski. aWyd.2 zm. i uzup. aWarszawa :bWydawnictwa Naukowo-Techniczne,c1978.1 aBiblioteka Organizatora Produkcji aBiblioteka Organizatora Produkcji cBPK apol s pl f |000 0 pol  uhttp://koha.tu.koszalin.pl/cgi-bin/koha/opac-detail.pl?biblionumber=18039yKatalog online BPK